00851nam a2200229 i 45000010005000000030009000050050017000140070003000310080041000340200018000750800019000931000035001122450140001472600028002873000022003154900046003376500025003838300054004088520022004629990015004849520122004996078ES-MaACL20230906144803.0t|890710s1983 fr |||| | fre d a2-7116-0828-X a113/119"17/18"1 aMerleau-Ponty, Jacques.98057013aLa science de l'univers a l'age du positivisme b: etude sur les origines de la cosmologie contemporaine / cpar Jacques Merleau-Ponty. aParis : bVrin, c1983. a367 p. ; c24 cm.1 aL'histoire des sciences. Textes et etudes04aCosmología.9113890 aL'histoire des sciences. Textes et etudes9177448 aES-MaACLjL-13165 c6078d6078 00104070aATENEOMbATENEOMcDEPO2d2008-01-17eSCl0oL-13165p1006181r2023-02-23 00:00:00w2023-02-23yMONOGRAFIA